000 00344cam a2200145 4500
008 040513n2004 000 0 eng u
020 _a0414015258
035 _a(Sirsi) u126189
041 _aeng
100 _aTurnbull, Craig
245 _aConstruction health & safety
260 _aEdinburgh
_bW Green
_c2004
350 _a35
942 _n0
999 _c103585
_d103585